000 00412nam a2200157Ia 4500
008 240729s9999 xx 000 0 und d
022 _a2392-0297
245 0 _aNegative Pressure Wound Therapy Journal
260 _aPoland
260 _bMedigent Foundation
650 _a Surgery
650 _aMedicine
856 _uhttps://doaj.org/toc/fc7af050cd414d97a371c085a0b950ac
942 _2ddc
942 _cDOAJEJ
999 _c68192
_d68192
945 _a1
_bMadushi Gamage
_c1
_dMadushi Gamage